000 00591nam a2200205Ia 4500
005 20250508165503.0
008 008 250505s9999 xx 000 0 hin d
020 _a81-8143-206-6
037 _aTextual
040 _aFEDL
_beng
_cFEDL
041 _ahin
_2hin
084 _a370.19, SHA
_qFEDL
100 _aSharma Subhash
245 0 _aBharat mein shiksha vyavastha: Avdharnayen, samsyayen evam sambhavanayen
260 _aNew Delhi, India
_bVani Prakashan
_c2004
300 _a324p.
365 _aINR
_b495
942 _cTEXL
_h370.19, SHA
999 _c1395382
_d1395382